000 01232nam a22002177a 4500
999 _c60480
_d60480
003 Ge_BSU
005 20230731110052.0
008 230731s2015ge xxu||||| |||| 00| 0 geo d
020 _a9789941182235
041 _ageo
080 _a81'374(038)=353.1'221.24 მ-44
100 _aმახარობლიძე, თამარ, ავტორი.
_919561
245 _aქართული ჟესტური ენის ლექსიკონი /
_c თამარ მახარობლიძე ; მხატვ. ნ. ზაპრუდნაია.
264 _aთბილისი :
_bილიას სახელმწ. უნ-ტის გამ-ბა,
_c2015.
300 _a1370 გვ. :
_b ნახ. ;
_c30 სმ.
500 _aდაფინანსებულია შოთა რუსთაველის ეროვნული სამეცნიერო ფონდის მიერ.
653 _aქართული ლექსიკონები
700 _aზაპრუდნაია, ნ.
_eმხატვარი
_919564
856 _uhttp://eprints.iliauni.edu.ge/3057/1/I-L.pdf
_yელექტრონული ვერსია
942 _2udc
_cBK